Statistiken für Regionen Frankreichs

Klicken Sie hier um das Quiz zu spielen!

Allgemein

  • Dieses Quiz wurde 5.584 mal gespielt
  • Das Durchschnittsergebnis liegt bei 7 aus 18

Antworten auf der Karte

Die Antworten werden auf der Karte rot bzw. grün angezeigt, abhängig davon wie oft sie richtig erraten wurden.
 

Antwortstatistiken

Region% Korrekt
Bretagne
84%
Normandie
78%
Provence-Alpes-Côte d'Azur
67%
Korsika
66%
Französisch-Guyana
47%
Île-de-France
47%
Auvergne-Rhône-Alpes
35%
Bourgogne-Franche-Comté
35%
Grand Est
34%
Neu-Aquitanien
33%
Pays de la Loire
33%
Réunion
33%
Martinique
32%
Guadeloupe
30%
Okzitanien
26%
Centre-Val de Loire
24%
Hauts-de-France
21%
Mayotte
21%

Verteilung der Resultate

Perzentil nach korrekt beantworteten Fragen

Anzahl Personen mit jedem Resultat

Ihre Resultats-Entwicklung

Sie haben dieses Quiz noch nicht gespielt